Disney DIFFICILE - Statistiques

Statistiques générales
  • Ce quiz a été pris 175 fois
  • Le résultat moyen est 18 sur 62
Statistiques - réponses
Indice Réponse % Correct
De quelle couleur sont les yeux d'Hercule Bleu
83%
De quelle couleur est la couverture qui recouvre Tarzan au début du film Bleu
83%
Quel nain qui parle en premier dans Blanche neige et les sept nains Grincheux
83%
Quel est le prénom de la demi-sœur de Cendrillon avec une robe verte Javotte
80%
Dans Encanto, combien Abuela Alma a-t-elle de petits enfants 6
75%
Combien de sœur a Ariel 6
75%
De quelle couleur est la tenue de Michel dans Peter Pan Rose
66%
Combien de fois Hudson Hornet a remporté la Piston Cup 3
61%
Combien Hans a-t-il de frères 12
59%
Par lettre commence le prénom des frères de Mérida H
59%
En quelle année est sorti le Roi Lion 1994
57%
Comment s'appelle le petit poisson dans Pinocchio Cléo
57%
Quel jour Lilo va-t-elle donner un sandwich à Doudou le poisson Jeudi
56%
Combien d'années était censé durer l'exode humaine dans Wall-E 5
52%
Que animal est Bobby dans Robin des Bois? Lapin
48%
Combien d'heures dispose Judy Hopps pour résoudre son enquête 48
46%
Dans la chanson "Prince Ali" d'Aladdin, combien a-t-il de chameaux et chamelle 103
39%
Qui collectionne les petites licornes dans Raiponce Vladimir
36%
Qui est le célèbre critique culinaire dans Ratatouille Anton Ego
35%
Comment se nomme la femme de Bambi Féline
34%
Qui sont les acolytes de Cruella Jasper et Horace
33%
Comment s'appelle le prince dans la Belle et la Bête Adam
31%
Qui sont les deux héroïnes Disney a être tatouée Pocahontas et Vaiana
31%
Qui dit cette fameuse réplique "Cadeau d'anniversaire de moi à moi" Kuzco
31%
Comment s'appelle le scoot dans Là Haut Russell
31%
Quel célèbre compositeur Kari veut-elle faire écouter à Jack-Jack dans les Indestructibles Mozart
28%
Dans quel clan vit Raya Cœur du dragon
24%
Quelle est la race de Tito dans Olivier et compagnie Chihuahua
24%
Quel est le plat spécial du père de Tiana Gumbo
24%
Dans quel film Disney retrouve-t-on le Galion Solaire : RLS Héritage La planète au trésor
24%
Qui a des serpents à la place des cheveux dans Monstres et Cie Celia
23%
Quel de chant pratique Alameda Slim dans la Ferme de rebelle Yodel
23%
Avec quoi peut-on calmer le Loir d'Alice au Pays des Merveilles quand il entend le mot "chat" Confiture
22%
Quel est le nombre de l'âme sarcastique qui évolue avec Joe Gardner 22
20%
Quelle animal est Rosie dans 1001 pattes Araignée
19%
Pour quelle raison la grand-mère de Mulan lui offre t-elle une pomme avant son rendez-vous avec la marieuse ? Sérénité
18%
Comment s'appelle les deux crocodiles dans Bernard et Bianca Butus et Néron
17%
Quelle est l'adresse inscrite sur le masque de plongée dans le Monde de Némo P. Sherman, 42 Wallaby Way, Sydney
14%
Commentaire s'appelle le chef des loups dans Le livre de la jungle Akela
13%
Que prénom compose le nom du restaurant de La belle et le clochard Tony
13%
Dans quel pays a servi le docteur Dawson dans Basil détective privé Afghanistan
11%
Comment se nomme l'enfant préhistorique d'Arlo Spot
11%
Dans Vice Versa, qui se sacrifie pour Riley Bigbong
9%
En quoi se transforme Merlin après que Mme Mim se soit changée en rhinocéros Bouc
9%
Que est le nom de famille des oies dans les Aristochats Jacasse
9%
Quel est le totem de Denahi dans Frère des Ours Loup de la sagesse
9%
Quel est le grade de Calhoun dans Les Mondes de Ralph Sergent
9%
Comment se nomme le Docteur méchant du feuilleton dans Volt Calico
8%
D'après Buzz, comment est le sol lors de son arrivée dans la chambre d'Andy Instable
8%
Dans quelle ville se passe le film Les Nouveaux Héros San Fransokyo
8%
Qui détruit la guitare de Miguel dans Coco Abuelita
7%
Comment s'appelle le corbeau dans La belle au bois dormant Diablo
7%
Comment se nomme la créature poilue dans Taram et le chaudron magique Gurki
7%
Dans l'Atlantide Perdu, qu'est-ce que le "Cœur de l'Atlantide" Cristal
6%
Qui prête sa voix au chevreau Valentino Gérard Darmon
6%
Quel est le nom de la fraternité de Bob et Sully à l'université Oozma Kappa
6%
Comment se nomme l'acolyte féminin de La Muraille et la Rocaille dans le Bossu de Notre-Dame La Volière
4%
Quel est le nom du cirque dans Dumbo Cirque WDP
2%
Comment se nomme la tribu de noix de coco qui attaque Vaiana et Maui Kakamoas
2%
Quel est le nom de la boutique des Lumens dans Élémentaire Fireplace
1%
Qui remarque la présence de Rox au début du film Rox et Rouky Grande Maman
1%
Comment Ethan surnomme la petite créature bleue dans Avalonia Splat
1%
Aucun quiz correspondant
Distribution des résultats
% des personnes avec chaque résultat
Percentile par nombre de réponses
Votre historique - résultats
Vous n’avez pas pris ce quiz